| 000 | 00750nam a2200217Ia 4500 | ||
|---|---|---|---|
| 001 | 11406 | ||
| 003 | GE_BSU | ||
| 008 | 181216s||||||||xx |||||||||||||| ||und|| | ||
| 040 | _cGE_BSU | ||
| 080 | _a631.5/9(075.32) | ||
| 100 | _aსაბაშვილი მ. | ||
| 245 | _aზოგადი მიწათმოქმედება ნიადაგმცოდნეობით | ||
| 245 | _cრედ: ვ. კობიაშვილი | ||
| 260 | _aთბილისი. | ||
| 260 | _bგანათლება. | ||
| 260 | _c1966 | ||
| 300 | _a376გვ.21სმ. | ||
| 300 | _eილ. | ||
| 653 | _aზოგადი მიწათმოქმედება ნიადაგმცოდნეობით | ||
| 942 | _cBK | ||
| 999 |
_c44603 _d44603 |
||